Working time and employment / (Record no. 3728)
[ view plain ]
| 000 -LEADER | |
|---|---|
| fixed length control field | 00520pam a2200181 a 4500 |
| 005 - DATE AND TIME OF LATEST TRANSACTION | |
| control field | 20250901165424.0 |
| 008 - FIXED-LENGTH DATA ELEMENTS--GENERAL INFORMATION | |
| fixed length control field | 861110s1987 maua b 001 0 eng |
| 010 ## - LIBRARY OF CONGRESS CONTROL NUMBER | |
| LC control number | 86028815 |
| 020 ## - INTERNATIONAL STANDARD BOOK NUMBER | |
| International Standard Book Number | 0043311091 (alk. paper) |
| 050 00 - LIBRARY OF CONGRESS CALL NUMBER | |
| Classification number | HD5106 .H298 1987 |
| Item number | .H298 1987 |
| 082 00 - DEWEY DECIMAL CLASSIFICATION NUMBER | |
| Classification number | 331.25/72 |
| Edition information | 19 |
| 100 1# - MAIN ENTRY--PERSONAL NAME | |
| Personal name | Hart, Robert A. |
| 245 10 - TITLE STATEMENT | |
| Title | Working time and employment / |
| Statement of responsibility, etc. | Robert A. Hart. |
| 260 ## - PUBLICATION, DISTRIBUTION, ETC. | |
| Place of publication, distribution, etc. | Boston : |
| Name of publisher, distributor, etc. | Allen & Unwin, |
| Date of publication, distribution, etc. | 1987. |
| 300 ## - PHYSICAL DESCRIPTION | |
| Extent | xx, 293 p. : |
| Other physical details | ill. ; |
| Dimensions | 23 cm. |
| 500 ## - GENERAL NOTE | |
| General note | Includes index. |
| 942 ## - ADDED ENTRY ELEMENTS (KOHA) | |
| Source of classification or shelving scheme | Dewey Decimal Classification |
| Withdrawn status | Lost status | Source of classification or shelving scheme | Damaged status | Not for loan | Home library | Current library | Shelving location | Date acquired | Total checkouts | Full call number | Barcode | Date last seen | Price effective from | Koha item type |
|---|---|---|---|---|---|---|---|---|---|---|---|---|---|---|
| Library of Congress Classification | Main Library | Main Library | 03/29/2021 | HD5106 .H298 1987 | PIU0007770 | 03/29/2021 | 03/29/2021 | Books |